书目信息 |
| 题名: |
饭店计算机信息管理
|
|
| 作者: | 陆均良 主编 | |
| 分册: | ||
| 出版信息: | 北京 旅游教育出版社 2003.10 |
|
| 页数: | 296页 | |
| 开本: | 23cm | |
| 丛书名: | 全国院校旅游专业系列教材 | |
| 单 册: | ||
| 中图分类: | F719.2 | |
| 科图分类: | ||
| 主题词: | 饭店--管理信息系统--高等学校--教材 | |
| 电子资源: | ||
| ISBN: | 7-5637-0856-1 | |
| 000 | 00947nam 2200265 450 | |
| 001 | 0150450965 | |
| 005 | 20051014092918.43 | |
| 010 | @a7-5637-0856-1@dCNY26.00 | |
| 100 | @a20050402d2003 km y0chiy0120 ea | |
| 101 | 0 | @achi |
| 102 | @aCN@b110000 | |
| 105 | @aa a 000yy | |
| 200 | 1 | @a饭店计算机信息管理@Afan dian ji suan ji xin xi guan li@f陆均良主编@Flu jun liang zhu bian |
| 205 | @a第2版 | |
| 210 | @a北京@c旅游教育出版社@d2003.10 | |
| 215 | @a296页@c图@d23cm | |
| 225 | 2 | @a全国院校旅游专业系列教材 |
| 320 | @a有书目 (第295-296页)。 | |
| 330 | @a本书内容包括:饭店信息流程及其管理、饭店管理信息系统的功能需求与设计原则、饭店管理信息系统的总体规划、饭店管理信息系统的开发、饭店管理信息系统的使用和管理。 | |
| 410 | 0 | @12001 @a全国院校旅游专业系列教材 |
| 606 | 0 | @a饭店@x管理信息系统@x高等学校@x教材 |
| 690 | @aF719.2@v4 | |
| 701 | 0 | @a陆均良@Alu jun liang@4主编 |
| 801 | 0 | @aCN@bQSSK@c20051014 |
| 905 | @a10447@dF719.2@eL843 | |
| 饭店计算机信息管理/陆均良主编.-第2版.-北京:旅游教育出版社,2003.10 |
| 296页:图;23cm.-(全国院校旅游专业系列教材) |
| ISBN 7-5637-0856-1:CNY26.00 |
| 本书内容包括:饭店信息流程及其管理、饭店管理信息系统的功能需求与设计原则、饭店管理信息系统的总体规划、饭店管理信息系统的开发、饭店管理信息系统的使用和管理。 |
| ● |
| 相关链接 |
|
|
|
正题名:饭店计算机信息管理
索取号:F719.2/L843
 
预约/预借
| 序号 | 登录号 | 条形码 | 馆藏地/架位号 | 状态 | 备注 |
| 1 | 569088 | 205690885 | 管理学院资料室/ [索取号:F719.2/L843] | 在馆 | |
| 2 | 569089 | 205690894 | 社科库409/409社科库 46排4列3层/ [索取号:F719.2/L843] | 在馆 | |
| 3 | 569090 | 205690901 | 社科库409/409社科库 46排4列3层/ [索取号:F719.2/L843] | 在馆 |